| 000 | 00583nam a22001817a 4500 | ||
|---|---|---|---|
| 003 | OSt | ||
| 005 | 20140310181749.0 | ||
| 008 | 130626t xxu||||| |||| 00| 0 eng d | ||
| 050 |
_aDS 673 _b.Ug26 2000 |
||
| 082 |
_aFIL 327.510599 _b Ug6 2000 |
||
| 245 |
_aUgnayan Lahi : _bcelebrating twenty five years of Philippines-China diplomatic relation/ |
||
| 260 |
_aManila, Philippines : _bDepartment of Foreign Affairs, _c2000. |
||
| 300 |
_a191 p. : _bcol. : ill. ; _c30 cm. |
||
| 650 |
_aPhilippines _xRelations |
||
| 650 |
_aChina _xRelations |
||
| 942 |
_2lcc _cBK _kFIL |
||
| 999 |
_c3118 _d3118 |
||